[Event "DVM U16 2022"]
[Site "Darmstadt GER"]
[Date "2022.12.28"]
[Round "4"]
[White "Werling, Lasse"]
[Black "Schirneck, Ethan"]
[Result "1/2-1/2"]
[Termination "normal"]
[Board "7.3"]
[WhiteElo "1500"]
[BlackElo "1497"]
[WhiteClock "00:20:50"]
[BlackClock "00:30:19"]
[WhiteTeam "SV Turm Lahnstein"]
[BlackTeam "Rhedaer Schachverein von 1931 e. V."]
[PlyCount "68"]
[WhiteFideId "16275080"]
[BlackFideId "34625593"]
[EventCountry "GER"]
[EventRounds "7"]
[EventType "team-swiss"]
[EventDate "2022.12.26"]

1. e4 {[%clk 1:30:58]} g6 {[%clk 1:30:52]} 2. d4 {[%clk 1:30:56]} Bg7 {[%clk
1:31:09]} 3. Nf3 {[%clk 1:30:38]} d6 {[%clk 1:31:08]} 4. Bc4 {[%clk 1:30:13]}
Nf6 {[%clk 1:28:21]} 5. e5 {[%clk 1:27:04]} dxe5 {[%clk 1:27:16]} 6. Nxe5
{[%clk 1:27:01]} O-O {[%clk 1:24:39]} 7. c3 {[%clk 1:24:18]} Nbd7 {[%clk
1:23:00]} 8. Nd3 {[%clk 1:18:47]} Nb6 {[%clk 1:17:11]} 9. Nd2 {[%clk 1:17:05]}
Nxc4 {[%clk 1:16:04]} 10. Nxc4 {[%clk 1:17:23]} b6 {[%clk 1:14:37]} 11. Qf3
{[%clk 1:15:30]} Be6 {[%clk 1:10:20]} 12. Nce5 {[%clk 1:11:04]} Bd5 {[%clk
1:10:18]} 13. Qh3 {[%clk 1:10:56]} Qc8 {[%clk 1:03:16]} 14. Qxc8 {[%clk
1:07:42]} Raxc8 {[%clk 1:03:21]} 15. O-O {[%clk 1:07:30]} a5 {[%clk 1:00:53]}
16. Nf4 {[%clk 1:03:19]} Bb7 {[%clk 0:59:54]} 17. Re1 {[%clk 1:01:30]} Rfe8
{[%clk 0:57:59]} 18. Be3 {[%clk 0:58:11]} Nd5 {[%clk 0:56:15]} 19. f3 {[%clk
0:52:14]} Bxe5 {[%clk 0:48:34]} 20. dxe5 {[%clk 0:52:18]} Nxe3 {[%clk 0:48:39]}
21. Rxe3 {[%clk 0:52:31]} Rcd8 {[%clk 0:47:05]} 22. Kf2 {[%clk 0:48:20]} e6
{[%clk 0:46:19]} 23. Rd3 {[%clk 0:44:22]} Ba6 {[%clk 0:46:08]} 24. Rxd8 {[%clk
0:41:18]} Rxd8 {[%clk 0:46:31]} 25. Ke1 {[%clk 0:38:39]} Kf8 {[%clk 0:45:30]}
26. Rd1 {[%clk 0:37:51]} Rxd1 {[%clk 0:45:53]} 27. Kxd1 {[%clk 0:38:16]} Ke7
{[%clk 0:46:12]} 28. Kd2 {[%clk 0:35:30]} f6 {[%clk 0:45:35]} 29. exf6 {[%clk
0:34:50]} Kxf6 {[%clk 0:45:55]} 30. Ke3 {[%clk 0:33:27]} a4 {[%clk 0:40:03]}
31. a3 {[%clk 0:32:40]} c5 {[%clk 0:39:15]} 32. g3 {[%clk 0:30:03]} Kf5 {[%clk
0:34:20]} 33. Nd3 {[%clk 0:23:48]} h5 {[%clk 0:31:53]} 34. Nf4 {[%clk 0:20:50]}
Bc4 {[%clk 0:30:19]} 1/2-1/2

[Event "DVM U16 2022"]
[Site "Darmstadt GER"]
[Date "2022.12.28"]
[Round "4"]
[White "Döding, Alexander"]
[Black "Samtleben, Christian"]
[Result "0-1"]
[Termination "normal"]
[Board "7.4"]
[WhiteElo "1561"]
[BlackElo "1115"]
[WhiteClock "00:04:50"]
[BlackClock "00:42:41"]
[WhiteTeam "Rhedaer Schachverein von 1931 e. V."]
[BlackTeam "SV Turm Lahnstein"]
[PlyCount "118"]
[WhiteFideId "34614940"]
[BlackFideId "16275098"]
[EventCountry "GER"]
[EventRounds "7"]
[EventType "team-swiss"]
[EventDate "2022.12.26"]

1. e4 {[%clk 1:30:59]} e6 {[%clk 1:30:55]} 2. d4 {[%clk 1:31:25]} d5 {[%clk
1:31:21]} 3. exd5 {[%clk 1:31:45]} exd5 {[%clk 1:31:43]} 4. Nf3 {[%clk
1:32:04]} Bf5 {[%clk 1:31:13]} 5. Nc3 {[%clk 1:31:48]} Nf6 {[%clk 1:30:21]} 6.
Be2 {[%clk 1:30:27]} Bd6 {[%clk 1:29:51]} 7. Bg5 {[%clk 1:30:08]} c6 {[%clk
1:29:48]} 8. O-O {[%clk 1:30:00]} Nbd7 {[%clk 1:29:24]} 9. Bd3 {[%clk 1:28:03]}
Be6 {[%clk 1:28:08]} 10. Re1 {[%clk 1:25:53]} O-O {[%clk 1:28:15]} 11. Ne5
{[%clk 1:26:15]} Be7 {[%clk 1:25:57]} 12. h3 {[%clk 1:14:21]} Re8 {[%clk
1:22:43]} 13. Nxd7 {[%clk 1:03:40]} Bxd7 {[%clk 1:19:43]} 14. Qf3 {[%clk
0:58:09]} Be6 {[%clk 1:17:00]} 15. Bf5 {[%clk 0:57:45]} Bxf5 {[%clk 1:15:46]}
16. Qxf5 {[%clk 0:58:03]} Qd6 {[%clk 1:10:02]} 17. a3 {[%clk 0:55:41]} h6
{[%clk 1:09:17]} 18. Bf4 {[%clk 0:55:44]} Qd7 {[%clk 1:08:07]} 19. Qxd7 {[%clk
0:54:52]} Nxd7 {[%clk 1:08:00]} 20. Rad1 {[%clk 0:40:00]} Bf6 {[%clk 1:06:28]}
21. Be3 {[%clk 0:39:40]} Nb6 {[%clk 1:01:53]} 22. b3 {[%clk 0:33:32]} Nc8
{[%clk 0:59:32]} 23. Na4 {[%clk 0:33:12]} b6 {[%clk 0:59:00]} 24. c4 {[%clk
0:29:36]} Nd6 {[%clk 0:58:04]} 25. cxd5 {[%clk 0:28:41]} cxd5 {[%clk 0:58:20]}
26. Nc3 {[%clk 0:29:00]} Nf5 {[%clk 0:58:01]} 27. Nxd5 {[%clk 0:28:30]} Bxd4
{[%clk 0:58:06]} 28. Nc7 {[%clk 0:26:11]} Nxe3 {[%clk 0:55:07]} 29. Nxa8 {[%clk
0:24:37]} Rxa8 {[%clk 0:52:43]} 30. fxe3 {[%clk 0:24:38]} Bf6 {[%clk 0:52:16]}
31. g3 {[%clk 0:23:17]} Rc8 {[%clk 0:50:43]} 32. Rc1 {[%clk 0:23:00]} Rd8
{[%clk 0:50:51]} 33. Red1 {[%clk 0:22:55]} Re8 {[%clk 0:51:03]} 34. Kf2 {[%clk
0:22:25]} Bb2 {[%clk 0:49:45]} 35. Rd7 {[%clk 0:21:18]} Bxc1 {[%clk 0:48:52]}
36. Rxa7 {[%clk 0:20:39]} Bxe3 {[%clk 0:49:03]} 37. Kf1 {[%clk 0:20:46]} Rd8
{[%clk 0:47:42]} 38. Ke2 {[%clk 0:20:12]} Re8 {[%clk 0:46:25]} 39. Kf3 {[%clk
0:19:09]} f5 {[%clk 0:46:22]} 40. Rd7 {[%clk 0:18:03]} Bc1 {[%clk 0:46:12]} 41.
Rd3 {[%clk 0:15:25]} Bxa3 {[%clk 0:46:25]} 42. Kf4 {[%clk 0:13:46]} g6 {[%clk
0:45:57]} 43. h4 {[%clk 0:12:24]} Kf7 {[%clk 0:44:17]} 44. Rd7 {[%clk 0:10:40]}
Kf6 {[%clk 0:44:03]} 45. Rd4 {[%clk 0:10:14]} Bc1 {[%clk 0:43:38]} 46. Kf3
{[%clk 0:09:19]} Re3 {[%clk 0:43:51]} 47. Kf2 {[%clk 0:09:22]} Ke5 {[%clk
0:43:37]} 48. Rd1 {[%clk 0:08:47]} Rc3 {[%clk 0:43:24]} 49. Re1 {[%clk
0:08:36]} Kd5 {[%clk 0:43:37]} 50. Rd1 {[%clk 0:08:33]} Kc5 {[%clk 0:43:57]}
51. Rf1 {[%clk 0:07:04]} Be3 {[%clk 0:43:26]} 52. Ke2 {[%clk 0:06:35]} Bd4
{[%clk 0:42:20]} 53. Kd2 {[%clk 0:06:39]} Kb4 {[%clk 0:42:14]} 54. Rf4 {[%clk
0:05:51]} Kc5 {[%clk 0:42:38]} 55. b4 {[%clk 0:05:15]} Kd5 {[%clk 0:42:32]} 56.
Ke2 {[%clk 0:05:07]} Rxg3 {[%clk 0:42:48]} 57. h5 {[%clk 0:04:51]} Ke5 {[%clk
0:42:31]} 58. Rh4 {[%clk 0:04:58]} g5 {[%clk 0:42:40]} 59. Rh2 {[%clk 0:04:50]}
Rb3 {[%clk 0:42:41]} 0-1

[Event "DVM U16 2022"]
[Site "Darmstadt GER"]
[Date "2022.12.28"]
[Round "4"]
[White "Mimkes, Antal"]
[Black "Elstner, Florian"]
[Result "1-0"]
[Termination "normal"]
[Board "8.1"]
[WhiteElo "1778"]
[BlackElo "1736"]
[WhiteClock "00:31:27"]
[BlackClock "00:30:52"]
[WhiteTeam "KSV Rochade Göttingen (Veltheim)"]
[BlackTeam "Schachklub König Plauen"]
[PlyCount "99"]
[WhiteFideId "16265963"]
[BlackFideId "16247264"]
[EventCountry "GER"]
[EventRounds "7"]
[EventType "team-swiss"]
[EventDate "2022.12.26"]

1. e4 {[%clk 1:30:45]} c5 {[%clk 1:30:56]} 2. Nf3 {[%clk 1:30:55]} Nc6 {[%clk
1:30:44]} 3. d4 {[%clk 1:30:57]} cxd4 {[%clk 1:31:09]} 4. Nxd4 {[%clk 1:31:01]}
Nf6 {[%clk 1:31:35]} 5. Nc3 {[%clk 1:31:09]} d6 {[%clk 1:31:56]} 6. Bg5 {[%clk
1:31:33]} Qb6 {[%clk 1:31:23]} 7. Bxf6 {[%clk 1:28:18]} gxf6 {[%clk 1:31:31]}
8. Nb3 {[%clk 1:20:17]} e6 {[%clk 1:27:49]} 9. Qh5 {[%clk 1:09:38]} Be7 {[%clk
1:23:58]} 10. O-O-O {[%clk 1:06:16]} a6 {[%clk 1:20:17]} 11. f3 {[%clk
1:01:31]} Bd7 {[%clk 1:18:23]} 12. Kb1 {[%clk 0:58:33]} Qc7 {[%clk 1:11:09]}
13. f4 {[%clk 0:56:44]} b5 {[%clk 1:06:59]} 14. f5 {[%clk 0:56:00]} b4 {[%clk
1:05:38]} 15. fxe6 {[%clk 0:55:25]} bxc3 {[%clk 0:57:36]} 16. exd7 {[%clk
0:52:25]} Kd8 {[%clk 0:57:43]} 17. Qxf7 {[%clk 0:50:19]} Rb8 {[%clk 0:38:36]}
18. Be2 {[%clk 0:46:06]} a5 {[%clk 0:34:11]} 19. Bh5 {[%clk 0:39:51]} Qxd7
{[%clk 0:29:41]} 20. Qc4 {[%clk 0:33:18]} Nb4 {[%clk 0:19:49]} 21. Nc5 {[%clk
0:20:28]} Qc8 {[%clk 0:17:32]} 22. b3 {[%clk 0:15:02]} d5 {[%clk 0:13:39]} 23.
Rxd5 {[%clk 0:14:50]} Nxd5 {[%clk 0:14:04]} 24. Qxd5 {[%clk 0:15:12]} Kc7
{[%clk 0:14:19]} 25. Rd1 {[%clk 0:07:43]} Bxc5 {[%clk 0:07:49]} 26. Qxc5 {[%clk
0:07:58]} Kb7 {[%clk 0:08:08]} 27. Qxa5 {[%clk 0:07:08]} Qc7 {[%clk 0:04:48]}
28. Qd5 {[%clk 0:04:12]} Ka7 {[%clk 0:04:17]} 29. Rd4 {[%clk 0:03:53]} Rb6
{[%clk 0:01:44]} 30. Be2 {[%clk 0:04:10]} Kb8 {[%clk 0:01:47]} 31. Rc4 {[%clk
0:02:20]} Qd8 {[%clk 0:02:02]} 32. Qc5 {[%clk 0:02:05]} Rb7 {[%clk 0:02:00]}
33. Rxc3 {[%clk 0:01:54]} Re8 {[%clk 0:01:49]} 34. Bf3 {[%clk 0:01:52]} Re5
{[%clk 0:02:12]} 35. Qc4 {[%clk 0:01:36]} Rc7 {[%clk 0:01:43]} 36. Qxc7 {[%clk
0:01:06]} Qxc7 {[%clk 0:02:08]} 37. Rxc7 {[%clk 0:01:33]} Kxc7 {[%clk 0:02:35]}
38. Kb2 {[%clk 0:01:42]} Kb6 {[%clk 0:03:01]} 39. c4 {[%clk 0:01:55]} Re8
{[%clk 0:02:54]} 40. b4 {[%clk 0:02:05]} Rd8 {[%clk 0:02:58]} 41. Kc3 {[%clk
0:01:58]} h6 {[%clk 0:02:18]} 42. a4 {[%clk 0:02:04]} Kc7 {[%clk 0:00:36]} 43.
c5 {[%clk 0:01:50]} Rd7 {[%clk 0:29:45]} 44. b5 {[%clk 0:31:40]} Rd8 {[%clk
0:30:07]} 45. a5 {[%clk 0:31:38]} Rb8 {[%clk 0:29:30]} 46. Kc4 {[%clk 0:31:29]}
Rd8 {[%clk 0:29:50]} 47. b6 {[%clk 0:30:49]} Kb8 {[%clk 0:30:09]} 48. c6 {[%clk
0:31:03]} Rd2 {[%clk 0:30:31]} 49. c7 {[%clk 0:31:27]} Ka8 {[%clk 0:30:52]} 50.
c8=Q# 1-0

[Event "DVM U16 2022"]
[Site "Darmstadt GER"]
[Date "2022.12.28"]
[Round "4"]
[White "Melestean, Timur"]
[Black "Tulchynsky, David"]
[Result "1-0"]
[Termination "normal"]
[Board "8.2"]
[WhiteElo "1718"]
[BlackElo "1617"]
[WhiteClock "00:16:04"]
[BlackClock "00:02:56"]
[WhiteTeam "Schachklub König Plauen"]
[BlackTeam "KSV Rochade Göttingen (Veltheim)"]
[PlyCount "189"]
[WhiteFideId "16280385"]
[BlackFideId "16289560"]
[EventCountry "GER"]
[EventRounds "7"]
[EventType "team-swiss"]
[EventDate "2022.12.26"]

1. d4 {[%clk 1:30:58]} d5 {[%clk 1:30:41]} 2. c4 {[%clk 1:31:23]} e6 {[%clk
1:31:09]} 3. Nc3 {[%clk 1:31:48]} Nf6 {[%clk 1:31:37]} 4. Bg5 {[%clk 1:32:12]}
Be7 {[%clk 1:32:04]} 5. e3 {[%clk 1:32:39]} O-O {[%clk 1:31:59]} 6. Nf3 {[%clk
1:33:01]} c6 {[%clk 1:32:27]} 7. Be2 {[%clk 1:33:18]} Nbd7 {[%clk 1:32:48]} 8.
O-O {[%clk 1:33:40]} h6 {[%clk 1:28:18]} 9. Bh4 {[%clk 1:34:01]} b6 {[%clk
1:28:37]} 10. cxd5 {[%clk 1:34:25]} exd5 {[%clk 1:26:14]} 11. Qc2 {[%clk
1:33:05]} Bb7 {[%clk 1:25:41]} 12. Rac1 {[%clk 1:32:44]} Rc8 {[%clk 1:15:48]}
13. Qb1 {[%clk 1:31:16]} Re8 {[%clk 1:06:07]} 14. b4 {[%clk 1:28:37]} Nh5
{[%clk 1:01:53]} 15. Bxe7 {[%clk 1:28:45]} Qxe7 {[%clk 1:02:18]} 16. Rfd1
{[%clk 1:28:39]} Nhf6 {[%clk 1:01:58]} 17. Bf1 {[%clk 1:12:21]} Ne4 {[%clk
0:41:16]} 18. Nxe4 {[%clk 1:10:36]} Qxe4 {[%clk 0:41:17]} 19. Bd3 {[%clk
1:10:25]} Qe7 {[%clk 0:41:34]} 20. Bf5 {[%clk 1:10:36]} g6 {[%clk 0:40:09]} 21.
Bxd7 {[%clk 1:10:54]} Qxd7 {[%clk 0:40:36]} 22. a3 {[%clk 1:11:07]} Kg7 {[%clk
0:37:41]} 23. Rc3 {[%clk 1:11:12]} f6 {[%clk 0:36:31]} 24. Rdc1 {[%clk
1:10:52]} Qe7 {[%clk 0:24:07]} 25. h3 {[%clk 1:08:17]} a6 {[%clk 0:18:57]} 26.
a4 {[%clk 1:07:44]} Kh7 {[%clk 0:16:30]} 27. Ne1 {[%clk 1:05:26]} Rc7 {[%clk
0:15:34]} 28. Nd3 {[%clk 1:05:22]} Rec8 {[%clk 0:15:47]} 29. Nf4 {[%clk
1:05:37]} f5 {[%clk 0:13:00]} 30. Nd3 {[%clk 1:05:25]} Qe4 {[%clk 0:11:47]} 31.
Qb2 {[%clk 1:02:23]} Ba8 {[%clk 0:10:47]} 32. Qc2 {[%clk 1:01:33]} Kg7 {[%clk
0:09:44]} 33. Qd2 {[%clk 1:00:15]} Bb7 {[%clk 0:08:39]} 34. Nf4 {[%clk
1:00:38]} Qe7 {[%clk 0:07:52]} 35. Qb2 {[%clk 1:00:55]} g5 {[%clk 0:07:49]} 36.
Nd3 {[%clk 1:01:16]} Qe4 {[%clk 0:08:02]} 37. Qc2 {[%clk 0:59:52]} Kf6 {[%clk
0:07:26]} 38. Qd2 {[%clk 0:58:56]} Qe7 {[%clk 0:07:02]} 39. Qe2 {[%clk
0:58:51]} Kg7 {[%clk 0:06:13]} 40. Qh5 {[%clk 0:57:39]} Qe8 {[%clk 0:05:31]}
41. Qd1 {[%clk 0:51:43]} Qe4 {[%clk 0:02:52]} 42. Qc2 {[%clk 0:40:48]} Kf6
{[%clk 0:02:13]} 43. Qb2 {[%clk 0:36:50]} Ba8 {[%clk 0:27:34]} 44. Ne1 {[%clk
1:06:28]} Kg6 {[%clk 0:27:00]} 45. Nf3 {[%clk 1:04:31]} Kh7 {[%clk 0:24:36]}
46. Qc2 {[%clk 1:04:19]} Qxc2 {[%clk 0:24:00]} 47. R3xc2 {[%clk 1:04:40]} Kg7
{[%clk 0:23:23]} 48. Ne5 {[%clk 1:04:59]} Kf6 {[%clk 0:23:33]} 49. Nd3 {[%clk
1:05:23]} Ke6 {[%clk 0:23:22]} 50. Rb2 {[%clk 1:05:35]} Kd6 {[%clk 0:20:50]}
51. a5 {[%clk 1:05:54]} b5 {[%clk 0:20:05]} 52. Nc5 {[%clk 1:06:13]} Bb7 {[%clk
0:20:29]} 53. Kf1 {[%clk 1:06:21]} Re8 {[%clk 0:19:56]} 54. Ke2 {[%clk
1:06:23]} Bc8 {[%clk 0:20:11]} 55. Kd2 {[%clk 1:06:42]} Rf7 {[%clk 0:19:51]}
56. Nd3 {[%clk 1:06:09]} Bd7 {[%clk 0:19:36]} 57. Ne5 {[%clk 1:06:16]} Rf6
{[%clk 0:19:38]} 58. Kc3 {[%clk 1:01:54]} Rg8 {[%clk 0:15:29]} 59. Rh1 {[%clk
0:58:37]} h5 {[%clk 0:15:01]} 60. Re2 {[%clk 0:50:51]} Rgf8 {[%clk 0:13:23]}
61. g3 {[%clk 0:50:44]} Rg8 {[%clk 0:11:36]} 62. Nd3 {[%clk 0:50:53]} Rh8
{[%clk 0:10:25]} 63. Rg1 {[%clk 0:49:48]} g4 {[%clk 0:08:48]} 64. Nf4 {[%clk
0:47:16]} Rfh6 {[%clk 0:08:56]} 65. Ree1 {[%clk 0:38:46]} Rf6 {[%clk 0:08:55]}
66. Rg2 {[%clk 0:38:38]} Rfh6 {[%clk 0:09:09]} 67. Reg1 {[%clk 0:38:50]} Be8
{[%clk 0:08:46]} 68. Kd2 {[%clk 0:38:23]} Bd7 {[%clk 0:08:55]} 69. Rh2 {[%clk
0:36:20]} Ke7 {[%clk 0:08:01]} 70. Rgh1 {[%clk 0:36:39]} Be8 {[%clk 0:08:26]}
71. Ke2 {[%clk 0:35:52]} Kf6 {[%clk 0:08:18]} 72. Nd3 {[%clk 0:35:57]} Bd7
{[%clk 0:08:42]} 73. Ne5 {[%clk 0:33:38]} Ke7 {[%clk 0:09:04]} 74. Ke1 {[%clk
0:30:12]} R8h7 {[%clk 0:08:52]} 75. Nd3 {[%clk 0:29:15]} Kd6 {[%clk 0:08:24]}
76. Ke2 {[%clk 0:29:22]} Rh8 {[%clk 0:08:28]} 77. hxg4 {[%clk 0:29:33]} fxg4
{[%clk 0:08:50]} 78. Nf4 {[%clk 0:29:24]} Be8 {[%clk 0:09:12]} 79. Rg1 {[%clk
0:29:10]} h4 {[%clk 0:08:54]} 80. gxh4 {[%clk 0:29:22]} Rxh4 {[%clk 0:09:21]}
81. Rhg2 {[%clk 0:27:19]} Rg8 {[%clk 0:09:31]} 82. Ke1 {[%clk 0:22:31]} Bd7
{[%clk 0:09:17]} 83. Nd3 {[%clk 0:22:28]} Be6 {[%clk 0:04:55]} 84. Ne5 {[%clk
0:22:48]} Bd7 {[%clk 0:04:34]} 85. Kd2 {[%clk 0:21:05]} Be6 {[%clk 0:02:06]}
86. Ke2 {[%clk 0:17:03]} Bf5 {[%clk 0:02:14]} 87. Ke1 {[%clk 0:17:05]} Be6
{[%clk 0:02:11]} 88. Kd2 {[%clk 0:17:31]} Bf5 {[%clk 0:02:29]} 89. f3 {[%clk
0:17:11]} gxf3 {[%clk 0:01:11]} 90. Rxg8 {[%clk 0:14:49]} Rh2 {[%clk 0:01:38]}
91. Kc3 {[%clk 0:14:35]} f2 {[%clk 0:02:05]} 92. Rf1 {[%clk 0:14:57]} Bh3
{[%clk 0:02:24]} 93. Nf3 {[%clk 0:15:17]} Rg2 {[%clk 0:02:27]} 94. Rxg2 {[%clk
0:15:42]} Bxg2 {[%clk 0:02:56]} 95. Rxf2 {[%clk 0:16:04]} 1-0

[Event "DVM U16 2022"]
[Site "Darmstadt GER"]
[Date "2022.12.28"]
[Round "4"]
[White "Lesser, Luan"]
[Black "Atze, Reinhard"]
[Result "1-0"]
[Termination "normal"]
[Board "8.3"]
[WhiteElo "1413"]
[BlackElo "1329"]
[WhiteClock "00:00:58"]
[BlackClock "01:00:53"]
[WhiteTeam "KSV Rochade Göttingen (Veltheim)"]
[BlackTeam "Schachklub König Plauen"]
[PlyCount "93"]
[WhiteFideId "34640150"]
[BlackFideId "12995665"]
[EventCountry "GER"]
[EventRounds "7"]
[EventType "team-swiss"]
[EventDate "2022.12.26"]

1. e4 {[%clk 1:30:58]} e5 {[%clk 1:30:52]} 2. f4 {[%clk 1:31:26]} d5 {[%clk
1:30:27]} 3. exd5 {[%clk 1:31:22]} c6 {[%clk 1:30:46]} 4. dxc6 {[%clk 1:29:33]}
Nxc6 {[%clk 1:31:08]} 5. Nf3 {[%clk 1:28:03]} e4 {[%clk 1:30:56]} 6. Qe2 {[%clk
1:22:37]} Qe7 {[%clk 1:29:28]} 7. Ne5 {[%clk 1:19:28]} Nxe5 {[%clk 1:29:19]} 8.
fxe5 {[%clk 1:19:50]} Qxe5 {[%clk 1:29:36]} 9. Qb5 {[%clk 1:18:45]} Qxb5 {[%clk
1:29:46]} 10. Bxb5 {[%clk 1:19:07]} Bd7 {[%clk 1:30:10]} 11. Bxd7 {[%clk
1:13:38]} Kxd7 {[%clk 1:30:37]} 12. Rf1 {[%clk 1:13:37]} Nf6 {[%clk 1:30:51]}
13. b3 {[%clk 1:11:55]} Be7 {[%clk 1:31:02]} 14. Nc3 {[%clk 1:10:39]} Rac8
{[%clk 1:29:31]} 15. Bb2 {[%clk 1:09:39]} Rhe8 {[%clk 1:28:48]} 16. O-O-O
{[%clk 1:09:18]} Bd8 {[%clk 1:28:50]} 17. Rde1 {[%clk 1:04:04]} Bb6 {[%clk
1:26:25]} 18. Na4 {[%clk 1:01:31]} Bd8 {[%clk 1:25:44]} 19. Bxf6 {[%clk
0:58:20]} Bxf6 {[%clk 1:25:57]} 20. Rf4 {[%clk 0:58:24]} Re6 {[%clk 1:19:34]}
21. Rexe4 {[%clk 0:54:13]} Ra6 {[%clk 1:17:48]} 22. Kb1 {[%clk 0:40:19]} Rd6
{[%clk 1:16:54]} 23. d3 {[%clk 0:38:21]} Rdc6 {[%clk 1:16:25]} 24. c4 {[%clk
0:36:03]} Rd6 {[%clk 1:16:41]} 25. Kc2 {[%clk 0:35:23]} Ra6 {[%clk 1:16:03]}
26. d4 {[%clk 0:32:50]} b5 {[%clk 1:16:05]} 27. Nc5 {[%clk 0:31:15]} Rxc5
{[%clk 1:15:07]} 28. dxc5 {[%clk 0:31:43]} Rxa2 {[%clk 1:15:23]} 29. Kd3 {[%clk
0:31:51]} bxc4 {[%clk 1:15:04]} 30. Kxc4 {[%clk 0:31:54]} Rxg2 {[%clk 1:15:26]}
31. h4 {[%clk 0:31:48]} Rc2 {[%clk 1:13:19]} 32. Kb5 {[%clk 0:31:43]} a5 {[%clk
1:12:40]} 33. Rc4 {[%clk 0:27:57]} Rb2 {[%clk 1:12:03]} 34. Rf3 {[%clk
0:28:05]} Kc7 {[%clk 1:11:12]} 35. Kxa5 {[%clk 0:26:59]} Kc6 {[%clk 1:11:07]}
36. Kb4 {[%clk 0:26:39]} Ra2 {[%clk 1:10:23]} 37. h5 {[%clk 0:15:50]} h6 {[%clk
1:10:37]} 38. Rf5 {[%clk 0:14:22]} Ra7 {[%clk 1:08:01]} 39. Rc2 {[%clk
0:12:29]} Rd7 {[%clk 1:05:55]} 40. Ra2 {[%clk 0:05:49]} Rd4 {[%clk 1:03:21]}
41. Ka3 {[%clk 0:05:47]} Rd3 {[%clk 1:02:52]} 42. Ka4 {[%clk 0:06:04]} Rd4
{[%clk 1:02:58]} 43. b4 {[%clk 0:06:23]} Rc4 {[%clk 1:03:03]} 44. Raf2 {[%clk
0:01:39]} Bc3 {[%clk 1:02:22]} 45. R2f4 {[%clk 0:01:54]} Bd4 {[%clk 1:01:29]}
46. Ka5 {[%clk 0:00:31]} Rc1 {[%clk 1:00:53]} 47. b5 {[%clk 0:00:58]} 1-0

[Event "DVM U16 2022"]
[Site "Darmstadt GER"]
[Date "2022.12.28"]
[Round "4"]
[White "Bühring, Marwin"]
[Black "Liestmann, Marius"]
[Result "0-1"]
[Termination "normal"]
[Board "8.4"]
[WhiteElo "1374"]
[BlackElo "1292"]
[WhiteClock "00:09:31"]
[BlackClock "00:08:01"]
[WhiteTeam "Schachklub König Plauen"]
[BlackTeam "KSV Rochade Göttingen (Veltheim)"]
[PlyCount "120"]
[WhiteFideId "16281985"]
[BlackFideId "34640169"]
[EventCountry "GER"]
[EventRounds "7"]
[EventType "team-swiss"]
[EventDate "2022.12.26"]

1. Nf3 {[%clk 1:30:24]} d5 {[%clk 1:30:50]} 2. g3 {[%clk 1:30:49]} e6 {[%clk
1:31:13]} 3. Bg2 {[%clk 1:31:15]} Nf6 {[%clk 1:31:34]} 4. O-O {[%clk 1:31:35]}
c6 {[%clk 1:31:58]} 5. d3 {[%clk 1:32:00]} Nbd7 {[%clk 1:32:21]} 6. Nbd2 {[%clk
1:32:10]} Be7 {[%clk 1:32:33]} 7. e4 {[%clk 1:31:03]} dxe4 {[%clk 1:32:53]} 8.
Nxe4 {[%clk 1:30:32]} O-O {[%clk 1:32:54]} 9. Bf4 {[%clk 1:30:24]} Nd5 {[%clk
1:32:10]} 10. Bd2 {[%clk 1:28:03]} N7f6 {[%clk 1:30:07]} 11. Re1 {[%clk
1:24:01]} Qb6 {[%clk 1:20:22]} 12. b3 {[%clk 1:21:11]} Nxe4 {[%clk 1:16:34]}
13. Rxe4 {[%clk 1:17:14]} Nf6 {[%clk 1:08:38]} 14. Re2 {[%clk 1:16:24]} Bd7
{[%clk 0:59:43]} 15. Be3 {[%clk 1:10:17]} Qd8 {[%clk 0:56:00]} 16. c4 {[%clk
1:08:40]} Qa5 {[%clk 0:46:48]} 17. Qc2 {[%clk 1:06:00]} Ng4 {[%clk 0:45:12]}
18. Bd2 {[%clk 1:02:02]} Qb6 {[%clk 0:41:59]} 19. Bc3 {[%clk 1:01:45]} Bf6
{[%clk 0:37:04]} 20. d4 {[%clk 1:00:19]} g6 {[%clk 0:33:01]} 21. h3 {[%clk
1:00:14]} Nh6 {[%clk 0:33:14]} 22. g4 {[%clk 0:59:17]} Bg7 {[%clk 0:33:26]} 23.
Ne5 {[%clk 0:54:53]} Rad8 {[%clk 0:29:00]} 24. Qd2 {[%clk 0:53:16]} Kh8 {[%clk
0:19:24]} 25. Ba5 {[%clk 0:53:30]} Qa6 {[%clk 0:19:11]} 26. Bxd8 {[%clk
0:49:14]} Rxd8 {[%clk 0:19:35]} 27. Qf4 {[%clk 0:49:29]} Be8 {[%clk 0:19:08]}
28. Rd1 {[%clk 0:46:35]} f6 {[%clk 0:06:54]} 29. Nf3 {[%clk 0:44:07]} c5 {[%clk
0:07:06]} 30. Qc7 {[%clk 0:42:18]} Nf7 {[%clk 0:06:02]} 31. Qxc5 {[%clk
0:40:46]} Kg8 {[%clk 0:06:10]} 32. Rdd2 {[%clk 0:34:56]} Bf8 {[%clk 0:06:29]}
33. Rxe6 {[%clk 0:33:01]} Qxe6 {[%clk 0:06:38]} 34. Qa5 {[%clk 0:33:15]} Qb6
{[%clk 0:06:25]} 35. Qxb6 {[%clk 0:31:18]} axb6 {[%clk 0:06:48]} 36. Re2 {[%clk
0:31:47]} Bd7 {[%clk 0:06:51]} 37. Nd2 {[%clk 0:31:03]} Bc6 {[%clk 0:06:47]}
38. d5 {[%clk 0:31:29]} Bd7 {[%clk 0:07:09]} 39. Nf3 {[%clk 0:19:07]} Bc5
{[%clk 0:05:53]} 40. Kf1 {[%clk 0:14:20]} f5 {[%clk 0:05:15]} 41. g5 {[%clk
0:13:39]} Re8 {[%clk 0:04:20]} 42. Rc2 {[%clk 0:11:57]} Ne5 {[%clk 0:03:46]}
43. Ne1 {[%clk 0:10:44]} Bb4 {[%clk 0:03:45]} 44. Re2 {[%clk 0:08:13]} Bxe1
{[%clk 0:03:53]} 45. Rxe1 {[%clk 0:08:40]} Nd3 {[%clk 0:04:13]} 46. Rxe8 {[%clk
0:08:53]} Bxe8 {[%clk 0:04:35]} 47. d6 {[%clk 0:09:21]} Nc5 {[%clk 0:03:47]}
48. Ke2 {[%clk 0:08:28]} Bc6 {[%clk 0:04:00]} 49. Bxc6 {[%clk 0:07:50]} bxc6
{[%clk 0:04:23]} 50. b4 {[%clk 0:08:18]} Nd7 {[%clk 0:04:40]} 51. Ke3 {[%clk
0:07:40]} c5 {[%clk 0:04:33]} 52. bxc5 {[%clk 0:07:59]} bxc5 {[%clk 0:05:00]}
53. a4 {[%clk 0:08:11]} Kf7 {[%clk 0:05:27]} 54. Kf4 {[%clk 0:08:21]} Ke6
{[%clk 0:05:48]} 55. h4 {[%clk 0:08:48]} Kxd6 {[%clk 0:06:09]} 56. h5 {[%clk
0:09:13]} Nb6 {[%clk 0:06:29]} 57. hxg6 {[%clk 0:08:42]} hxg6 {[%clk 0:06:51]}
58. a5 {[%clk 0:08:39]} Nxc4 {[%clk 0:07:15]} 59. a6 {[%clk 0:09:05]} Kc6
{[%clk 0:07:34]} 60. Kf3 {[%clk 0:09:31]} Kb6 {[%clk 0:08:01]} 0-1